Planeamiento y diseño urbano : Urbanismo II : Escuela Técnica Superior de Arquitectura /

Bewaard in:
Bibliografische gegevens
Hoofdauteur: Rodríguez-Avial Llardent, Luis (autor)
Andere auteurs: Nasarre de Goicoechea, Fernando (colaboración) (colaboración)
Formaat: Boek
Taal:Spaans
Gepubliceerd in: Madrid, España : Universidad Francisco de Vitoria, Escuela Técnica Superior de Arquitectura, 2015, c2015
Reeks:(Cuadernos de Apuntes Universidad Francisco de Vitoria)
Onderwerpen:
Tags: Voeg label toe
Geen labels, Wees de eerste die dit record labelt!

MARC

LEADER 00000nam^a2200000^a^4500
001 000408695
005 20250521000000.0
009 20260310121959.929
020 |a 978-84-15423-81-2 
037 |a Acervo ITESO - Biblioteca 
041 |a ESP 
082 |a 711. 40946  |b ROD 
100 |a Rodríguez-Avial Llardent, Luis  |e (autor) 
245 1 0 |a Planeamiento y diseño urbano :  |b Urbanismo II : Escuela Técnica Superior de Arquitectura /  |c L. Rodríguez-Avial Llardent ; colaboración de F. Nasarre de Goicoechea. 
264 4 |a Madrid, España :  |b Universidad Francisco de Vitoria, Escuela Técnica Superior de Arquitectura,  |c 2015, c2015 
300 |a 406 p. 
336 |a texto  |b txt  |2 rdacontenido 
337 |a sin mediación  |b n  |2 rdamedio 
338 |a volumen  |b nc  |2 rdasoporte 
440 1 |a (Cuadernos de Apuntes Universidad Francisco de Vitoria) 
521 |a FIL 2018 EEnlace Departamento del Hábitat y Desarrollo Urbano 
649 |a XX 
650 |a Planeación Urbana -  |z España -  |x Tema Principal 
650 |a Proyecto Urbano -  |z España 
650 |a Diseño Urbano -  |z España -  |x Tema Principal 
650 |a Desarrollo Urbano -  |z España 
650 |a Urbanismo 
700 |a Nasarre de Goicoechea, Fernando  |e (colaboración) 
910 |a Fondo General 
920 |a Impresos - Libros 
930 |a Colección General 
905 |a 101 
901 |a 0500316867  |b IT1  |c ACC  |i C162829  |u 20250521 
902 |a https://opac.biblio.iteso.mx/vufind/Record/000408695